| 000 | 01361nam a22003737a 4500 | ||
|---|---|---|---|
| 003 | CHAP | ||
| 005 | 20220329134856.0 | ||
| 008 | 971013s1976 r 00010 d | ||
| 010 | _a27319 | ||
| 011 | _a28291 | ||
| 035 | _a32394 | ||
| 040 | _cCHAP | ||
| 082 |
_a628.1 _bI5 |
||
| 110 |
_aInstituto Nacional de Ciencia y Técnica Hídricas. Mendoza Argentina _959292 |
||
| 245 | _aUso conjunto de aguas superficiales y subterráneas | ||
| 260 |
_aMendoza, Argentina : _bEl Instituto, _c1976 |
||
| 300 |
_a3 v. _b; gráfs |
||
| 590 |
_aBATCH-UPD _b10 _c20130110 _lUCH01 _h0056 |
||
| 590 |
_aBATCH-UPD _b10 _c20130110 _lUCH01 _h1656 |
||
| 590 |
_aBATCH-UPD _b10 _c20130409 _lUCH01 _h2045 |
||
| 590 |
_aBATCH-UPD _b10 _c20130410 _lUCH01 _h1044 |
||
| 590 |
_aBATCH-UPD _b10 _c20130913 _lUCH01 _h2243 |
||
| 590 |
_aCONVERSION _b10 _c20130109 _lUCH01 _h1316 |
||
| 650 | 1 | 4 |
_aAgua para irrigacion. _92430 |
| 650 | 1 | 4 |
_aAgua subterranea. _92456 |
| 650 | 1 | 4 |
_aAgua _xAprovechamiento. _92282 |
| 650 | 1 | 4 |
_aAgua _xLeyes _xArgentina. _92382 |
| 650 | 1 | 4 |
_aRecursos hidráulicos _xArgentina. _995094 |
| 901 | _aBK | ||
| 942 | _cLIBRO | ||
| 949 |
_a628.1 I5 _bBC _cLIBRO _d33724000023651 _eLIBRO _fv.1 _h43323 _i32394 _mD _si |
||
| 949 |
_a628.1 I5 _bBC _cLIBRO _d33724000023669 _eLIBRO _fv.2 _h43324 _i32394 _mD _si |
||
| 949 |
_a628.1 I5 _bBC _cLIBRO _d33724000023677 _eLIBRO _fv.3 _h43325 _i32394 _mD _si |
||
| 999 |
_c27319 _d27319 |
||